[Event "30. Augsburger Friedensfest-Open"]
[Site "Augsburg"]
[Date "2025.08.09"]
[Round "5.19"]
[White "Fuertler, Oliver"]
[Black "Schuelke, Tilman"]
[Result "1-0"]
[WhiteElo "1959"]
[BlackElo "1816"]
[EventDate "2025.08.07"]
[Time "09:30:00"]
[WhiteNrv "1959"]
[BlackNrv "1816"]
[WhiteTwz "1959"]
[BlackTwz "1816"]
[WhiteFideId "1682490"]
[BlackFideId "4647475"]
[BlackNatFedId "10200219"]
[WhiteAttr "M"]
[BlackAttr "M"]
[WhiteTeam "?"]
[BlackTeam "SF Pfullingen"]

1.Nf3 g6 2.g3 b6 3.Bg2 Bb7 4.O-O Bg7 5.d4 e6 6.c4 d6 7.Nc3 Nd7 8.Qc2 Ne7 
9.Rd1 O-O 10.e4 h6 11.h4 Nf6 12.Be3 Qc8 13.Rd2 Ng4 14.Bf4 e5 15.Be3 Nxe3 
16.fxe3 exd4 17.exd4 h5 18.Re1 Rb8 19.Kh2 Qd8 20.Rf2 Bc6 21.Qd3 Bd7 22.
Ref1 Bh6 23.b4 c6 24.e5 d5 25.cxd5 cxd5 26.Ng5 Bxg5 27.hxg5 Be6 28.Rf6 Qd7
29.Nb5 Bf5 30.Qe2 Rbc8 31.Nd6 Rc2 32.Qd1 Rxg2+ 33.Kxg2 Bh3+ 34.Kh2 Bxf1 
35.Qxf1 Nc6 36.e6 Qe7 37.exf7+ Kh8 38.Rxg6 Nxd4 39.Qf6+ Qxf6 40.Rxf6 Nc6 
41.Ne8 1-0

[Event "30. Augsburger Friedensfest-Open"]
[Site "Augsburg"]
[Date "2025.08.09"]
[Round "5.20"]
[White "Reis, Thomas"]
[Black "Gruber, Johannes"]
[Result "1-0"]
[WhiteElo "2178"]
[BlackElo "1916"]
[EventDate "2025.08.07"]
[Time "09:30:00"]
[WhiteNrv "2178"]
[BlackNrv "1916"]
[WhiteTwz "2178"]
[BlackTwz "1916"]
[WhiteFideId "4678699"]
[BlackFideId "12915521"]
[WhiteNatFedId "10174084"]
[WhiteAttr "M"]
[BlackAttr "M"]
[WhiteTeam "SK Kriegshaber"]
[BlackTeam "?"]

1.d4 d5 2.Nf3 Nf6 3.c4 c6 4.e3 Bf5 5.Nc3 e6 6.Nh4 Be4 7.f3 Bg6 8.Qb3 Qc7 
9.cxd5 exd5 10.Bd2 Be7 11.Nxg6 hxg6 12.O-O-O b5 13.h4 Nbd7 14.Kb1 Nb6 15.
e4 a6 16.exd5 cxd5 17.Re1 Nc4 18.Bg5 O-O 19.Ka1 Rfc8 20.Bxf6 Na5 21.Qd1 
Bxf6 22.Nxd5 Nb3+ 23.axb3 Qa5+ 24.Kb1 Bxd4 25.b4 1-0

[Event "30. Augsburger Friedensfest-Open"]
[Site "Augsburg"]
[Date "2025.08.09"]
[Round "5.21"]
[White "Birth, Daniel"]
[Black "Hofbauer, Bernhard"]
[Result "1-0"]
[WhiteElo "2083"]
[BlackElo "1913"]
[EventDate "2025.08.07"]
[Time "09:30:00"]
[WhiteNrv "2083"]
[BlackNrv "1913"]
[WhiteTwz "2083"]
[BlackTwz "1913"]
[WhiteFideId "4671651"]
[BlackFideId "34666303"]
[WhiteNatFedId "10016923"]
[BlackNatFedId "10086413"]
[WhiteAttr "M"]
[BlackAttr "M"]
[WhiteTeam "SK Rochade Augsburg"]
[BlackTeam "SK Tarrasch 1945 Muenchen"]

1.b3 d5 2.Bb2 c5 3.e3 Nc6 4.Bb5 Bf5 5.Nf3 Nf6 6.O-O e6 7.d3 Bd6 8.Ne5 Qc7 
9.f4 h5 10.h3 O-O-O 11.Bxc6 bxc6 12.Nd2 Ne8 13.e4 dxe4 14.dxe4 Bxe4 15.Qe2
Bg6 16.Nxg6 fxg6 17.Qxe6+ Kb7 18.Ne4 Nf6 19.Nxf6 gxf6 20.Bxf6 Rde8 21.Qc4 
Rhf8 22.Bg5 Rf5 23.Rf3 Rd5 24.c3 Qf7 25.Rd3 Qf5 26.Rad1 Rxd3 27.Rxd3 Re4 
28.Qg8 Bxf4 29.Bxf4 Rxf4 30.Rd1 Qf8 31.Qxg6 h4 32.Qh7+ Kb6 33.Qd7 Rf2 34.
a4 Rb2 35.a5+ 1-0

[Event "30. Augsburger Friedensfest-Open"]
[Site "Augsburg"]
[Date "2025.08.09"]
[Round "5.22"]
[White "Mayer, Manuel"]
[Black "Roebers, Jan"]
[Result "0-1"]
[WhiteElo "1900"]
[BlackElo "2030"]
[EventDate "2025.08.07"]
[Time "09:30:00"]
[WhiteNrv "1900"]
[BlackNrv "2030"]
[WhiteTwz "1900"]
[BlackTwz "2030"]
[BlackTitle "FM"]
[WhiteFideId "34636838"]
[BlackFideId "1007815"]
[WhiteNatFedId "10762354"]
[WhiteAttr "M"]
[BlackAttr "M"]
[WhiteTeam "TSV Landsberg 1882"]
[BlackTeam "?"]

1.d4 Nf6 2.c4 g6 3.Nc3 Bg7 4.e4 d6 5.f3 O-O 6.Be3 c5 7.d5 e6 8.Be2 exd5 9.
cxd5 a6 10.a4 Re8 11.Qd2 Nbd7 12.g4 Ne5 13.h4 Nexg4 14.fxg4 Nxe4 15.Nxe4 
Rxe4 16.g5 Qe7 17.Ra3 Bf5 18.Bf3 Rb4 19.Ra2 Bb1 20.Ra1 Rxb2 21.Qc1 Re8 22.
Ra3 Bf5 23.Bd1 Qe4 24.Nf3 Qb4+ 25.Kf1 Qxa3 26.Bf2 Rxf2+ 0-1

[Event "30. Augsburger Friedensfest-Open"]
[Site "Augsburg"]
[Date "2025.08.09"]
[Round "5.23"]
[White "Timm, Jasper"]
[Black "Roebers, Bregje"]
[Result "1-0"]
[WhiteElo "1886"]
[BlackElo "2030"]
[EventDate "2025.08.07"]
[Time "09:30:00"]
[WhiteNrv "1886"]
[BlackNrv "2030"]
[WhiteTwz "1886"]
[BlackTwz "2030"]
[WhiteFideId "34614613"]
[BlackFideId "1085174"]
[WhiteNatFedId "10762306"]
[WhiteAttr "M"]
[BlackAttr "W"]
[WhiteTeam "SK Graefelfing"]
[BlackTeam "?"]

1.d4 Nf6 2.Nf3 g6 3.g3 Bg7 4.Bg2 O-O 5.O-O d6 6.c4 Nbd7 7.Nc3 c5 8.d5 Nb6 
9.Nd2 e6 10.a4 exd5 11.cxd5 Bd7 12.a5 Nc8 13.Nc4 Rb8 14.Bf4 Ne8 15.e4 b5 
16.axb6 axb6 17.Qd2 b5 18.Na5 b4 19.Ne2 Na7 20.Nc4 Nb5 21.e5 dxe5 22.Nxe5 
Ned6 23.Nc6 Qb6 24.Nxb8 Rxb8 25.Rfc1 Rc8 26.Be3 Nf5 27.Bf4 Nfd4 28.Nxd4 
Nxd4 29.Qd1 Bb5 30.Bf1 Re8 31.Be3 Bd7 32.Ra6 Qb7 33.Rxc5 Bh3 34.Ra1 Bxf1 
35.Bxd4 Be2 36.Qd2 Bf8 37.Rca5 Qd7 38.Qf4 f5 39.Qh4 Be7 40.Bf6 Bxf6 41.
Qxf6 1-0

[Event "30. Augsburger Friedensfest-Open"]
[Site "Augsburg"]
[Date "2025.08.09"]
[Round "5.24"]
[White "Beesk, Kevin"]
[Black "Kelembet, Artem"]
[Result "1-0"]
[WhiteElo "1972"]
[BlackElo "1897"]
[EventDate "2025.08.07"]
[Time "09:30:00"]
[WhiteNrv "1972"]
[BlackNrv "1897"]
[WhiteTwz "1972"]
[BlackTwz "1897"]
[WhiteFideId "1271882"]
[BlackFideId "34684727"]
[WhiteNatFedId "10011885"]
[BlackNatFedId "10828569"]
[WhiteAttr "M"]
[BlackAttr "M"]
[WhiteTeam "SF Augsburg"]
[BlackTeam "SV Jedesheim 1921"]

1.c4 e5 2.g3 Nc6 3.Bg2 g6 4.Nc3 Bg7 5.e4 Nge7 6.Nge2 O-O 7.O-O d6 8.d3 Be6
9.Nd5 h6 10.Be3 Nd4 11.Qd2 Kh7 12.Bxd4 exd4 13.f4 Bxd5 14.cxd5 Qd7 15.Rac1
c5 16.f5 Be5 17.Bh3 Qa4 18.b3 Qb5 19.fxg6+ fxg6 20.Be6 g5 21.Kg2 Ng6 22.
Bf5 Qe8 23.b4 b6 24.bxc5 dxc5 25.Ng1 Kg7 26.Nf3 Rf6 27.Bxg6 Kxg6 28.Nxe5+ 
Qxe5 29.Rxf6+ Qxf6 30.Rf1 Qe7 31.Qf2 Kg7 32.d6 Qe6 33.e5 Re8 34.Kg1 Qxe5 
35.Qf7+ Kh8 36.d7 Qe3+ 37.Kg2 Rd8 38.Qf6+ Kh7 39.Qxd8 Qxd3 40.Qe7+ 1-0

[Event "30. Augsburger Friedensfest-Open"]
[Site "Augsburg"]
[Date "2025.08.09"]
[Round "5.25"]
[White "Wezel, Sebastian"]
[Black "Rempel, Alexander"]
[Result "0-1"]
[WhiteElo "1965"]
[BlackElo "1874"]
[EventDate "2025.08.07"]
[Time "09:30:00"]
[WhiteNrv "1965"]
[BlackNrv "1874"]
[WhiteTwz "1965"]
[BlackTwz "1874"]
[WhiteFideId "24677884"]
[BlackFideId "34618600"]
[WhiteNatFedId "10240928"]
[BlackNatFedId "10586418"]
[WhiteAttr "M"]
[BlackAttr "M"]
[WhiteTeam "SV Dettingen Erms"]
[BlackTeam "SF Augsburg"]

1.e4 e5 2.Nf3 Nc6 3.Bc4 Nf6 4.O-O Nxe4 5.Bd5 Nf6 6.Bxc6 dxc6 7.Nxe5 Be7 8.
d4 h6 9.Nc3 Bf5 10.Na4 O-O 11.c4 Re8 12.Be3 c5 13.d5 Bd6 14.Nd3 Ng4 15.h3 
Nxe3 16.fxe3 Qg5 0-1

[Event "30. Augsburger Friedensfest-Open"]
[Site "Augsburg"]
[Date "2025.08.09"]
[Round "5.26"]
[White "Vuong, Anh-Tu"]
[Black "Nagy, Peter"]
[Result "0-1"]
[WhiteElo "1963"]
[BlackElo "1878"]
[EventDate "2025.08.07"]
[Time "09:30:00"]
[WhiteNrv "1963"]
[BlackNrv "1878"]
[WhiteTwz "1963"]
[BlackTwz "1878"]
[WhiteFideId "34658920"]
[BlackFideId "34629211"]
[WhiteNatFedId "10232351"]
[BlackNatFedId "10793259"]
[WhiteAttr "*"]
[BlackAttr "M"]
[WhiteTeam "SG Schwabing Muenchen Nord e.V."]
[BlackTeam "Rosenheimer-SV in der"]

1.d4 Nf6 2.c4 c5 3.d5 e6 4.Nc3 exd5 5.cxd5 d6 6.g3 g6 7.Bg2 Bg7 8.Nf3 O-O 
9.O-O Re8 10.Bf4 a6 11.a4 h6 12.Qc1 g5 13.Bd2 Bf5 14.h4 g4 15.Ne1 Kh7 16.
Nc2 Nbd7 17.Ne3 Bg6 18.Nc4 Ne5 19.Nxe5 Rxe5 20.Bf4 Re8 21.Re1 Nh5 22.Bd2 
Rb8 23.e4 b5 24.axb5 axb5 25.Qd1 Qd7 26.f3 f5 27.Kh2 b4 28.exf5 Bxf5 29.
Rxe8 Rxe8 30.fxg4 bxc3 31.gxf5 cxb2 32.Ra3 Qxf5 33.Rb3 c4 34.Rb7 Kg8 35.
Qf3 b1=Q 36.Rxb1 Qxb1 37.Qxh5 Rf8 38.Bxh6 Qh7 0-1

[Event "30. Augsburger Friedensfest-Open"]
[Site "Augsburg"]
[Date "2025.08.09"]
[Round "5.27"]
[White "Hotman, Cagan Arhan"]
[Black "Heilig, Tim Markus"]
[Result "1-0"]
[WhiteElo "1961"]
[BlackElo "1868"]
[EventDate "2025.08.07"]
[Time "09:30:00"]
[WhiteNrv "1961"]
[BlackNrv "1868"]
[WhiteTwz "1961"]
[BlackTwz "1868"]
[WhiteFideId "44565798"]
[BlackFideId "16295935"]
[WhiteNatFedId "10804822"]
[BlackNatFedId "10692999"]
[WhiteAttr "M"]
[BlackAttr "M"]
[WhiteTeam "SK Ingolstadt"]
[BlackTeam "SF 1876 Goeppingen"]

1.e4 e5 2.Nf3 Nc6 3.d4 exd4 4.Nxd4 Bc5 5.Nb3 Bb6 6.Nc3 Nf6 7.Qe2 O-O 8.Be3
Bxe3 9.Qxe3 Re8 10.f3 d6 11.O-O-O Be6 12.g4 Bxb3 13.axb3 d5 14.Qf2 Qd6 15.
Nxd5 Nxd5 16.exd5 Qf4+ 17.Qd2 Qxd2+ 18.Rxd2 Ne5 19.Bg2 Ng6 20.Rhd1 Nf4 21.
Bh1 Rad8 22.c4 a5 23.Kb1 b6 24.Ka2 Re3 25.Ka3 Kf8 26.Ka4 g5 27.b4 axb4 28.
Kxb4 Re5 29.Bg2 Ke7 30.Bf1 Re3 31.Bd3 Rxf3 32.Kb5 Rd6 33.b4 Rxd3 34.Rxd3 
Nxd3 35.Rxd3 Kd7 36.Rf3 Ke8 37.Ka6 Rd7 38.Rf6 Kf8 39.Rc6 h5 40.gxh5 f5 41.
Kb7 f4 42.Rxc7 f3 43.Rxd7 f2 44.h6 f1=Q 45.h7 1-0

[Event "30. Augsburger Friedensfest-Open"]
[Site "Augsburg"]
[Date "2025.08.09"]
[Round "5.28"]
[White "Schultes, Christoph Dr."]
[Black "Wang, Simon"]
[Result "0-1"]
[WhiteElo "1945"]
[BlackElo "1865"]
[EventDate "2025.08.07"]
[Time "09:30:00"]
[WhiteNrv "1945"]
[BlackNrv "1865"]
[WhiteTwz "1945"]
[BlackTwz "1865"]
[WhiteFideId "12905674"]
[BlackFideId "34605398"]
[WhiteNatFedId "10201277"]
[BlackNatFedId "10739430"]
[WhiteAttr "*"]
[BlackAttr "M"]
[WhiteTeam "SK Landau-Dingolfing"]
[BlackTeam "SF Dachau 1932 e.V."]

1.d4 d5 2.c4 c6 3.cxd5 cxd5 4.Nc3 Nf6 5.Bf4 Nc6 6.e3 Bf5 7.Qb3 Qd7 8.Bb5 
e6 9.Nge2 Be7 10.O-O O-O 11.Rfc1 Rfc8 12.Na4 h6 13.Nc5 Bxc5 14.Rxc5 a6 15.
Bxc6 Rxc6 16.Rxc6 bxc6 17.Rc1 Rc8 18.f3 Nh5 19.Rc5 Nxf4 20.Nxf4 Qc7 21.Qc3
Qb7 22.b3 Bb1 23.Qb2 Bf5 24.Qc3 Bb1 25.a3 Ba2 26.b4 Qd7 27.Nd3 f6 28.Qc2 
Bc4 29.Nb2 Bb5 30.a4 Bc4 31.Nxc4 dxc4 32.Qxc4 Rb8 33.Qxa6 Rxb4 34.Rxc6 Kf7
35.Rc4 Rb1+ 36.Kf2 Rb2+ 37.Kg3 Qd5 38.Qa7+ Kg6 39.Qc5 Qb7 40.Qc8 Qd5 41.
Qe8+ Kh7 42.Rc5 Qa2 43.Qf7 Rxg2+ 44.Kf4 e5+ 0-1

[Event "30. Augsburger Friedensfest-Open"]
[Site "Augsburg"]
[Date "2025.08.09"]
[Round "5.29"]
[White "Fresser, Stefan"]
[Black "Chua, Daniel James"]
[Result "1/2-1/2"]
[WhiteElo "1944"]
[BlackElo "1862"]
[EventDate "2025.08.07"]
[Time "09:30:00"]
[WhiteNrv "1944"]
[BlackNrv "1862"]
[WhiteTwz "1944"]
[BlackTwz "1862"]
[WhiteFideId "12987123"]
[BlackFideId "34608354"]
[WhiteNatFedId "10053941"]
[BlackNatFedId "10758008"]
[WhiteAttr "M"]
[BlackAttr "M"]
[WhiteTeam "SF Neuberg"]
[BlackTeam "SC Garching 1980 e.V."]

1.c4 Nf6 2.Nc3 e6 3.e4 d5 4.e5 d4 5.exf6 dxc3 6.fxg7 cxd2+ 7.Bxd2 Bxg7 8.
Qc2 Nc6 9.Nf3 e5 10.Bd3 Bg4 11.Bc3 Bxf3 12.gxf3 Qg5 13.Be4 O-O 14.h4 Qh6 
15.Rg1 Nd4 16.Bxd4 exd4 17.Qd2 Qxd2+ 18.Kxd2 c6 19.h5 Kh8 20.Bf5 Rae8 21.
Rae1 Re5 22.Rxe5 Bxe5 23.Kd3 Re8 24.Re1 Re7 25.f4 Bd6 26.Rxe7 Bxe7 27.Kxd4
Bf6+ 28.Kc5 Be7+ 29.Kd4 Bf6+ 1/2-1/2

[Event "30. Augsburger Friedensfest-Open"]
[Site "Augsburg"]
[Date "2025.08.09"]
[Round "5.30"]
[White "Frenkel, Matthias"]
[Black "Kaufmann, Ben"]
[Result "1/2-1/2"]
[WhiteElo "1925"]
[BlackElo "1859"]
[EventDate "2025.08.07"]
[Time "09:30:00"]
[WhiteNrv "1925"]
[BlackNrv "1859"]
[WhiteTwz "1925"]
[BlackTwz "1859"]
[WhiteFideId "34619267"]
[BlackFideId "34687068"]
[WhiteNatFedId "10437364"]
[BlackNatFedId "10489709"]
[WhiteAttr "M"]
[BlackAttr "M"]
[WhiteTeam "SK Kriegshaber"]
[BlackTeam "SK Sontheim/Brenz e.V."]

1.d4 d5 2.c4 e6 3.cxd5 exd5 4.Nc3 Nf6 5.Bg5 Be7 6.e3 c6 7.Bd3 h6 8.Bf4 
Nbd7 9.Qc2 O-O 10.h3 Re8 11.Nf3 Nf8 12.O-O Ne6 13.Bh2 Bd6 14.Bxd6 Qxd6 15.
Ne5 Ng5 16.f4 Nge4 17.Nxe4 Nxe4 18.Bxe4 dxe4 19.Qxe4 f6 20.Qg6 Qe7 21.Nc4 
Be6 22.Qd3 Kh8 23.Rfe1 Bd5 24.b3 Be4 25.Qc3 Qd7 26.Rad1 Re6 27.Qa5 Rae8 
28.Qxa7 Bd5 29.Nb6 Qf7 30.Nxd5 cxd5 31.Qa3 Rxe3 32.Qc1 Rxe1+ 1/2-1/2

[Event "30. Augsburger Friedensfest-Open"]
[Site "Augsburg"]
[Date "2025.08.09"]
[Round "5.31"]
[White "Zimmermann, Felix"]
[Black "Winkelmeier, Alfred"]
[Result "1-0"]
[WhiteElo "1924"]
[BlackElo "1815"]
[EventDate "2025.08.07"]
[Time "09:30:00"]
[WhiteNrv "1924"]
[BlackNrv "1815"]
[WhiteTwz "1924"]
[BlackTwz "1815"]
[WhiteFideId "12989720"]
[BlackFideId "4680308"]
[WhiteNatFedId "10262226"]
[BlackNatFedId "10243648"]
[WhiteAttr "M"]
[BlackAttr "M"]
[WhiteTeam "SV Gruen-W. Niederwiesa"]
[BlackTeam "SV Ilmmuenster"]

1.d4 d5 2.Nf3 e6 3.c4 c5 4.cxd5 exd5 5.Nc3 Nc6 6.e3 Nf6 7.Be2 Be6 8.O-O 
Be7 9.dxc5 Bxc5 10.a3 a6 11.b4 Be7 12.Bb2 O-O 13.Nd4 Nxd4 14.Qxd4 Ne8 15.
Qd2 Bf6 16.Rfd1 Rc8 17.Bf3 Nc7 18.Ne2 Bxb2 19.Qxb2 Qe7 20.Rd2 Rfd8 21.Rad1
Rd7 22.Nc3 Rcd8 23.Na4 Nb5 24.Nb6 Rd6 25.Nxd5 Qd7 26.a4 Nc7 27.Nf6+ gxf6 
28.Rxd6 1-0

[Event "30. Augsburger Friedensfest-Open"]
[Site "Augsburg"]
[Date "2025.08.09"]
[Round "5.32"]
[White "Soergel, Thomas"]
[Black "Schrimpf, Michael"]
[Result "0-1"]
[WhiteElo "2018"]
[BlackElo "1863"]
[EventDate "2025.08.07"]
[Time "09:30:00"]
[WhiteNrv "2018"]
[BlackNrv "1863"]
[WhiteTwz "2018"]
[BlackTwz "1863"]
[WhiteFideId "4667980"]
[BlackFideId "1676237"]
[WhiteNatFedId "10209978"]
[BlackNatFedId "10841479"]
[WhiteAttr "M"]
[BlackAttr "M"]
[WhiteTeam "SK Graefelfing"]
[BlackTeam "SF Augsburg"]

1.c4 e5 2.Nc3 Nf6 3.g3 c6 4.d4 exd4 5.Qxd4 Na6 6.Bg2 d5 7.a3 dxc4 8.Qxd8+ 
Kxd8 9.Nf3 Bd6 10.Bg5 Kc7 11.O-O h6 12.Bxf6 gxf6 13.Nd2 Be6 14.e3 Nc5 15.
f4 f5 16.e4 fxe4 17.Ndxe4 Nxe4 18.Nxe4 Bd5 19.Nxd6 Kxd6 20.Rfd1 Rad8 21.
Rd4 Kc7 22.Bxd5 cxd5 23.Rad1 Kc6 24.Kf2 Rhe8 25.f5 Kc5 26.g4 b5 27.h4 Re5 
28.Kg3 Rde8 29.R1d2 a5 30.Rf4 Re3+ 31.Kf2 R3e4 32.Kf3 Rxf4+ 33.Kxf4 d4 34.
g5 c3 35.bxc3 dxc3 36.Rg2 hxg5+ 37.hxg5 b4 38.axb4+ axb4 39.g6 fxg6 40.
fxg6 b3 41.g7 Rg8 0-1

[Event "30. Augsburger Friedensfest-Open"]
[Site "Augsburg"]
[Date "2025.08.09"]
[Round "5.33"]
[White "Schmid, Bernhard"]
[Black "Elsinga, Brian"]
[Result "1-0"]
[WhiteElo "2011"]
[BlackElo "1851"]
[EventDate "2025.08.07"]
[Time "09:30:00"]
[WhiteNrv "2011"]
[BlackNrv "1851"]
[WhiteTwz "2011"]
[BlackTwz "1851"]
[WhiteFideId "12915467"]
[BlackFideId "1089439"]
[WhiteNatFedId "10191977"]
[WhiteAttr "M"]
[BlackAttr "M"]
[WhiteTeam "SK Kelheim 1920"]
[BlackTeam "?"]

1.d4 Nf6 2.c4 e6 3.Nc3 Bb4 4.Qc2 c5 5.dxc5 O-O 6.a3 Bxc5 7.Nf3 Nc6 8.Bg5 
Be7 9.e4 d6 10.O-O-O Nd7 11.h4 Nde5 12.Kb1 Nxf3 13.gxf3 Bxg5 14.hxg5 Qxg5 
15.e5 h6 16.exd6 Rd8 17.Bd3 Ne5 18.Be2 f5 19.Rd4 Nf7 20.f4 Qf6 21.Rhd1 Bd7
22.Bf3 Rab8 23.c5 Rdc8 24.Ne2 Nd8 25.Rc4 Bc6 26.Bxc6 Nxc6 27.Nd4 Nxd4 28.
Rdxd4 Rxc5 29.Rxc5 Qxd4 30.Rc8+ Rxc8 31.Qxc8+ Kf7 32.Qd7+ Kg6 33.Qxe6+ Kh7
34.Qxf5+ Kg8 35.d7 Qd1+ 36.Ka2 Qd4 37.Qe6+ Kh7 38.f5 1-0

[Event "30. Augsburger Friedensfest-Open"]
[Site "Augsburg"]
[Date "2025.08.09"]
[Round "5.34"]
[White "Vonach, Bernhard Dr."]
[Black "Barsov, Vladislav"]
[Result "0-1"]
[WhiteElo "1843"]
[BlackElo "2005"]
[EventDate "2025.08.07"]
[Time "09:30:00"]
[WhiteNrv "1843"]
[BlackNrv "2005"]
[WhiteTwz "1843"]
[BlackTwz "2005"]
[WhiteFideId "4680243"]
[BlackFideId "34613757"]
[WhiteNatFedId "10231837"]
[BlackNatFedId "10722198"]
[WhiteAttr "*"]
[BlackAttr "M"]
[WhiteTeam "Sportfr.Windach e.V.1923"]
[BlackTeam "SK Graefelfing"]

1.Nf3 g6 2.d4 Bg7 3.g3 d6 4.Bg2 Nd7 5.c4 e5 6.d5 Ne7 7.Nc3 O-O 8.h4 h6 9.
g4 f5 10.gxf5 gxf5 11.e4 Nc5 12.Qe2 fxe4 13.Nxe4 Nxe4 14.Qxe4 Bf5 15.Qe3 
Ng6 16.Qb3 e4 17.Nd2 Nxh4 18.Qg3 Nxg2+ 19.Qxg2 Qf6 20.Nf1 Kh7 21.Ne3 Qg6 
22.Qxg6+ Bxg6 23.Rb1 Rf3 24.Bd2 Raf8 25.Bc3 Rxf2 26.Bxg7 Kxg7 27.Rxh6 Kxh6
28.Ng4+ Kg7 29.Nxf2 Rxf2 0-1

[Event "30. Augsburger Friedensfest-Open"]
[Site "Augsburg"]
[Date "2025.08.09"]
[Round "5.35"]
[White "Peck, Malcolm"]
[Black "Martin, Michael"]
[Result "1-0"]
[WhiteElo "1799"]
[BlackElo "2005"]
[EventDate "2025.08.07"]
[Time "09:30:00"]
[WhiteNrv "1799"]
[BlackNrv "2005"]
[WhiteTwz "1799"]
[BlackTwz "2005"]
[WhiteFideId "12902756"]
[BlackFideId "4695615"]
[WhiteNatFedId "10161218"]
[BlackNatFedId "10137235"]
[WhiteAttr "M"]
[BlackAttr "M"]
[WhiteTeam "SK Koenigsbrunn"]
[BlackTeam "SAbt TSV Haunstetten"]

1.d4 d5 2.Nf3 Nf6 3.e3 Bg4 4.Be2 e6 5.Nbd2 Bd6 6.c4 c6 7.Qc2 Nbd7 8.O-O 
O-O 9.Rd1 Qe7 10.e4 e5 11.c5 Bb8 12.dxe5 Nxe5 13.Nd4 Bxe2 14.Nxe2 Nfg4 15.
Nf1 Qh4 16.Neg3 dxe4 17.Qxe4 f5 18.Qb4 Qe7 19.Bf4 Qf7 20.Rd2 a5 21.Qd4 Bc7
22.h3 Nc4 23.Bxc7 Nxd2 24.Qxd2 Qxc7 25.hxg4 fxg4 26.Qg5 Qf4 27.Qxf4 Rxf4 
28.Nd2 Raf8 29.Nge4 Rd8 30.Re1 Rd5 31.Re3 Rd4 32.g3 Rf8 33.a3 a4 34.Kg2 
Rfd8 35.Re2 Re8 36.Nf6+ gxf6 37.Rxe8+ Kf7 38.Re2 f5 39.f3 h5 40.f4 Rd5 41.
b4 axb3 42.Nxb3 Rd3 43.Rb2 Ke6 44.a4 Kd5 45.Kf2 Rf3+ 46.Kg2 Rd3 47.Rd2 
Rxd2+ 48.Nxd2 Kxc5 49.Nb3+ Kd5 50.Kf2 b6 51.a5 bxa5 52.Nxa5 c5 53.Ke3 c4 
54.Nb7 c3 55.Na5 c2 56.Nb3 Kc4 57.Nc1 Kc3 58.Ne2+ Kb2 59.Kd2 h4 60.gxh4 g3
61.Ke3 1-0

[Event "30. Augsburger Friedensfest-Open"]
[Site "Augsburg"]
[Date "2025.08.09"]
[Round "5.36"]
[White "Kaufmann, Thorsten"]
[Black "Doebel, Maximilian"]
[Result "1-0"]
[WhiteElo "1998"]
[BlackElo "1799"]
[EventDate "2025.08.07"]
[Time "09:30:00"]
[WhiteNrv "1998"]
[BlackNrv "1799"]
[WhiteTwz "1998"]
[BlackTwz "1799"]
[WhiteFideId "24647950"]
[BlackFideId "34650768"]
[WhiteNatFedId "10101131"]
[BlackNatFedId "10437353"]
[WhiteAttr "M"]
[BlackAttr "M"]
[WhiteTeam "SK Sontheim/Brenz e.V."]
[BlackTeam "SF Augsburg"]

1.e4 e6 2.d4 d5 3.e5 c5 4.c3 Nc6 5.Nf3 Qb6 6.Bd3 Bd7 7.O-O cxd4 8.Re1 Nge7
9.h4 Nf5 10.Bxf5 exf5 11.cxd4 Be7 12.Nc3 Be6 13.Bg5 Bxg5 14.Na4 Qb4 15.a3 
Qe7 16.Nxg5 b6 17.b4 h6 18.Nf3 g5 19.hxg5 hxg5 20.Qc1 Kd7 21.b5 Na5 22.
Qxg5 Qxg5 23.Nxg5 Rag8 24.f4 Rh4 25.g3 Rh5 26.Nc3 Rgh8 27.Nf3 Nc4 28.Kg2 
Ke7 29.Re2 Kd8 30.a4 Bc8 31.Na2 Bb7 32.Nb4 Ke7 33.Nh4 Ke6 34.Kf2 R5h7 35.
Nd3 Rg7 36.Ne1 Rhg8 37.Nef3 Bc8 38.Ng5+ Rxg5 39.fxg5 Rxg5 40.Ng2 Rg4 41.
Nf4+ Ke7 1-0

[Event "30. Augsburger Friedensfest-Open"]
[Site "Augsburg"]
[Date "2025.08.09"]
[Round "5.37"]
[White "Birth, Waldemar"]
[Black "Mittermaier, Johann"]
[Result "1-0"]
[WhiteElo "1950"]
[BlackElo "1828"]
[EventDate "2025.08.07"]
[Time "09:30:00"]
[WhiteNrv "1950"]
[BlackNrv "1828"]
[WhiteTwz "1950"]
[BlackTwz "1828"]
[WhiteFideId "24640310"]
[BlackFideId "16208382"]
[WhiteNatFedId "10016927"]
[BlackNatFedId "10144722"]
[WhiteAttr "M"]
[BlackAttr "M"]
[WhiteTeam "SK Rochade Augsburg"]
[BlackTeam "SV Deggendorf"]

1.d4 d5 2.Nf3 Nf6 3.e3 Bg4 4.c4 e6 5.Nc3 c6 6.Qc2 Bf5 7.Bd3 Bxd3 8.Qxd3 
Be7 9.O-O O-O 10.b3 Nbd7 11.Bb2 c5 12.Rac1 dxc4 13.bxc4 Nb6 14.Rfd1 Rc8 
15.d5 exd5 16.Nxd5 Nbxd5 17.cxd5 Ne8 18.e4 f6 19.Rc2 Nd6 20.Nd2 b5 21.f4 
c4 22.Qe2 Qc7 23.Nf3 b4 24.e5 Nb5 25.d6 Qb6+ 26.Kh1 Bxd6 27.exd6 Nxd6 28.
Qe6+ 1-0

[Event "30. Augsburger Friedensfest-Open"]
[Site "Augsburg"]
[Date "2025.08.09"]
[Round "5.38"]
[White "Stempfle, Tobias"]
[Black "Gradl, Winfried"]
[Result "0-1"]
[WhiteElo "1746"]
[BlackElo "1945"]
[EventDate "2025.08.07"]
[Time "09:30:00"]
[WhiteNrv "1746"]
[BlackNrv "1945"]
[WhiteTwz "1746"]
[BlackTwz "1945"]
[WhiteFideId "24698482"]
[BlackFideId "4648030"]
[WhiteNatFedId "10215172"]
[BlackNatFedId "10064910"]
[WhiteAttr "M"]
[BlackAttr "M"]
[WhiteTeam "SC Garching 1980 e.V."]
[BlackTeam "SAbt TuS Fuerstenfeldbruck"]

1.d4 d5 2.c4 c6 3.cxd5 cxd5 4.Bf4 Nc6 5.e3 Nf6 6.Nc3 a6 7.Be2 Bf5 8.Nf3 
Rc8 9.Qb3 Na5 10.Qa4+ b5 11.Qd1 Qb6 12.O-O e6 13.Rc1 Be7 14.Nxd5 exd5 15.
Rxc8+ Bxc8 16.Qc2 O-O 17.Rc1 Nc4 18.b3 Na3 19.Qxc8 Rxc8 20.Rxc8+ Bf8 21.
Rb8 Qe6 22.Ng5 Qc6 23.Rd8 h6 24.Bd6 Qc1+ 25.Bf1 hxg5 26.Rxf8+ Kh7 27.Rxf7 
Nb1 28.Bf8 Nd2 29.h3 Qxf1+ 30.Kh2 Kg8 31.Rxg7+ Kxf8 32.Rxg5 Qxf2 33.h4 
Nf3+ 34.Kh3 Nxg5+ 0-1

[Event "30. Augsburger Friedensfest-Open"]
[Site "Augsburg"]
[Date "2025.08.09"]
[Round "5.39"]
[White "Galje, Hans"]
[Black "Lohr, Alexander"]
[Result "1-0"]
[WhiteElo "1934"]
[BlackElo "1692"]
[EventDate "2025.08.07"]
[Time "09:30:00"]
[WhiteNrv "1934"]
[BlackNrv "1692"]
[WhiteTwz "1934"]
[BlackTwz "1692"]
[WhiteFideId "1003240"]
[BlackFideId "16297865"]
[BlackNatFedId "10578753"]
[WhiteAttr "M"]
[BlackAttr "M"]
[WhiteTeam "?"]
[BlackTeam "FC Ergolding 1932 e.V."]

1.e4 c5 2.Nf3 e6 3.c3 d5 4.exd5 exd5 5.d4 Bd6 6.Bb5+ Nc6 7.O-O Ne7 8.Be3 
c4 9.Ne5 O-O 10.Nxc6 Nxc6 11.b3 cxb3 12.axb3 Qh4 13.g3 Qh3 14.Be2 Ne7 15.
Bf3 Be6 16.Nd2 a6 17.c4 Rac8 18.c5 Bc7 19.b4 Qf5 20.Qb3 Bd7 21.Be2 Qe6 22.
b5 axb5 23.Bxb5 Nc6 24.Bd3 Rb8 25.Rfe1 Rfe8 26.Nf3 Qg4 27.Be2 Qf5 28.Nh4 
Qe6 29.Bf3 Nxd4 30.Bxd4 Qxe1+ 31.Rxe1 Rxe1+ 32.Kg2 g5 33.Qxd5 Bb5 34.Qxg5+
Kf8 35.Qg7+ Ke8 36.h3 1-0

[Event "30. Augsburger Friedensfest-Open"]
[Site "Augsburg"]
[Date "2025.08.09"]
[Round "5.40"]
[White "Simon, Jonathan"]
[Black "Holuba, Stefan"]
[Result "1-0"]
[WhiteElo "1907"]
[BlackElo "1736"]
[EventDate "2025.08.07"]
[Time "09:30:00"]
[WhiteNrv "1907"]
[BlackNrv "1736"]
[WhiteTwz "1907"]
[BlackTwz "1736"]
[WhiteFideId "1271653"]
[BlackFideId "34667520"]
[WhiteNatFedId "10208573"]
[BlackNatFedId "10088445"]
[WhiteAttr "M"]
[BlackAttr "M"]
[WhiteTeam "SK 1928 Moembris"]
[BlackTeam "SK Caissa Augsburg"]

1.d4 d5 2.c4 dxc4 3.Nf3 a6 4.Nc3 e6 5.e4 b5 6.Be2 c5 7.O-O cxd4 8.Nxd4 e5 
9.Nf3 Qxd1 10.Rxd1 Nc6 11.Nd5 Ra7 12.a4 Bc5 13.axb5 axb5 14.Rxa7 Bxa7 15.
Nc7+ Ke7 16.Nxb5 Bc5 17.Bxc4 Bg4 18.Rd5 Bxf3 19.Rxc5 Bxe4 20.Nc3 1-0